[Event "ICS rated blitz match"]
[Site "204.178.125.65"]
[Date "2000.03.30"]
[Round "?"]
[White "raees"]
[Black "Hossa"]
[Result "0-1"]
[WhiteElo "1981"]
[BlackElo "2415"]
[PlyCount "52"]

1. d3 d5 2. Nf3 e6 3. g3 Nf6 4. Bg2 c5 5. O-O Nc6 6. c4 Be7 7. Nc3 d4 8. Nb1 e5
9. Nbd2 O-O 10. b3 Bg4 11. h3 Bd7 12. Ng5 Qc8 13. Kh2 Ng4+ 14. hxg4 Bxg5 15.
Ne4 Bxc1 16. Qxc1 Bxg4 17. f3 Bf5 18. Nxc5 Nb4 19. Ne4 Qe6 20. g4 Bxe4 21. dxe4
d3 22. exd3 Nxd3 23. Qe3 Nf4 24. Kg1 h5 25. gxh5 Qh6 26. Rfd1 Nh3+ 0-1

[Event "ICS rated blitz match"]
[Site "204.178.125.65"]
[Date "2000.03.30"]
[Round "?"]
[White "Hossa"]
[Black "Beadle"]
[Result "0-1"]
[WhiteElo "2422"]
[BlackElo "2562"]
[PlyCount "76"]

1. e4 d6 2. d4 Nf6 3. Nc3 g6 4. f4 Bg7 5. Nf3 c5 6. Bb5+ Bd7 7. e5 Ng4 8. e6
fxe6 9. Ng5 Bxb5 10. Nxb5 Qa5+ 11. c3 Qxb5 12. Qxg4 cxd4 13. Nxe6 Qc4 14. Nxg7+
Kf7 15. Nf5 gxf5 16. Qxf5+ Ke8 17. Qe4 Nc6 18. Bd2 Rg8 19. b3 Qc5 20. Qxh7 Rxg2
21. c4 Kd8 22. Qe4 Rg4 23. h3 Rg7 24. O-O-O b5 25. Qe6 Qa3+ 26. Kb1 Rg2 27. Qe4
Nb4 28. Qxa8+ Kc7 29. Qxa7+ Qxa7 30. a4 bxa4 31. Kb2 Nd3+ 32. Kc2 axb3+ 33.
Kxd3 Rg3+ 34. Ke4 Qa8+ 35. Kxd4 Qf3 36. Bc1 e5+ 37. fxe5 Qc3+ 38. Ke4 Qxe5# 0-1

[Event "ICS Rated standard match"]
[Site "204.178.125.65"]
[Date "2000.03.30"]
[Round "?"]
[White "Hossa"]
[Black "PostModernist"]
[Result "1-0"]
[WhiteElo "2361"]
[BlackElo "2391"]
[PlyCount "161"]

1. e4 c6 2. d4 d5 3. Nc3 dxe4 4. Nxe4 Bf5 5. Ng3 Bg6 6. h4 h6 7. Nf3 Nd7 8. h5
Bh7 9. Bd3 Bxd3 10. Qxd3 Qc7 11. Bd2 Ngf6 12. O-O-O e6 13. Rde1 O-O-O 14. Rh4
Bd6 15. Ne4 Nxe4 16. Qxe4 Nf6 17. Qe2 Kb8 18. Be3 Qa5 19. Kb1 Nd5 20. Bd2 Qc7
21. c4 Nf4 22. Qf1 g5 23. hxg6 Nxg6 24. Rxh6 Rxh6 25. Bxh6 Bb4 26. Rd1 Be7 27.
Qe2 Bf6 28. Qe4 Rh8 29. Bg5 Bxg5 30. Nxg5 Rh4 31. Qf3 Rf4 32. Qe3 Rf5 33. Rh1
b5 34. cxb5 cxb5 35. Rc1 Qd6 36. Qc3 Ne7 37. Ne4 Qd8 38. Qg3+ Ka8 39. Nd6 Rd5
40. Nxf7 Qe8 41. Qf4 Nf5 42. Qc7 Nxd4 43. Rh1 Rd7 44. Qc3 Rxf7 45. Qxd4 Qc6 46.
Rc1 Qd5 47. Qh8+ Kb7 48. Qc8+ Kb6 49. f3 b4 50. Re1 Rd7 51. Qb8+ Ka6 52. Qf4
Qd3+ 53. Ka1 Qd1+ 54. Qc1 Qxc1+ 55. Rxc1 Rd2 56. g4 Rf2 57. Re1 Rxf3 58. Rxe6+
Kb5 59. Re5+ Kc4 60. Kb1 Rf1+ 61. Kc2 Rf2+ 62. Kc1 Rg2 63. g5 Rg1+ 64. Kd2 Rg2+
65. Ke3 Rxb2 66. Ra5 b3 67. axb3+ Rxb3+ 68. Ke4 Rb7 69. g6 Kb4 70. Ra6 Kb5 71.
Ra1 Rc7 72. Rb1+ Ka4 73. Kf5 Rc5+ 74. Kf6 Rc6+ 75. Kg5 Rc7 76. Kh6 a5 77. g7
Rxg7 78. Kxg7 Ka3 79. Kf6 a4 80. Ke5 Ka2 81. Rb5 1-0

[Event "ICS rated blitz match"]
[Site "204.178.125.65"]
[Date "2000.03.30"]
[Round "?"]
[White "MrPeabody"]
[Black "Hossa"]
[Result "1-0"]
[WhiteElo "2544"]
[BlackElo "2412"]
[PlyCount "157"]

1. e4 e5 2. Nc3 Nf6 3. Nf3 Nc6 4. d4 exd4 5. Nxd4 Bb4 6. Nxc6 bxc6 7. Bd3 d5 8.
e5 Ng4 9. Be2 Nxe5 10. O-O Bxc3 11. bxc3 O-O 12. f4 Nd7 13. c4 Ba6 14. Re1 Re8
15. cxd5 Bxe2 16. Rxe2 Rxe2 17. Qxe2 cxd5 18. Ba3 Qf6 19. Re1 Qb6+ 20. Kh1 Nf6
21. c4 Ne4 22. c5 Qe6 23. Kg1 Qf6 24. Qe3 c6 25. Rb1 Qc3 26. Qxc3 Nxc3 27. Rb7
f6 28. Kf2 h5 29. Ke3 a5 30. Kd2 d4 31. Kd3 Re8 32. Bb2 Nxa2 33. g3 Rd8 34.
Bxd4 h4 35. Kc4 Kf8 36. gxh4 Nc1 37. Rb6 a4 38. Rxc6 Ne2 39. Be3 Re8 40. Kd3
Nc3 41. Ra6 Nd5 42. Bd2 Rd8 43. Rxa4 Nxf4+ 44. Ke3 Nd5+ 45. Ke4 Ne7 46. Bf4 f5+
47. Ke3 Nd5+ 48. Kf3 Nc3 49. Rc4 Rd3+ 50. Kf2 Ne4+ 51. Ke2 Ra3 52. c6 Ra2+ 53.
Ke3 Ra3+ 54. Kd4 Ra8 55. c7 Rc8 56. Kd5 Kf7 57. Rb4 Nc3+ 58. Kc6 g6 59. Rb8
Rxc7+ 60. Bxc7 Ne4 61. Rb7 Ke6 62. Bd8 f4 63. Re7+ Kf5 64. Rf7+ Kg4 65. Bc7 Kh5
66. Rxf4 Nd2 67. Kd5 Nb1 68. Bd8 Nd2 69. h3 Nb1 70. Rf7 g5 71. hxg5 Nc3+ 72.
Ke6 Ne4 73. Rh7+ Kg6 74. Rh6+ Kg7 75. Bf6+ Nxf6 76. Rxf6 Kg8 77. Rg6+ Kf8 78.
h4 Ke8 79. Rg8# 1-0

[Event "ICS rated blitz match"]
[Site "204.178.125.65"]
[Date "2000.03.30"]
[Round "?"]
[White "Hossa"]
[Black "jadomingues"]
[Result "1-0"]
[WhiteElo "2402"]
[BlackElo "1971"]
[PlyCount "119"]

1. e4 c5 2. Nf3 d6 3. d4 cxd4 4. Nxd4 Nf6 5. Nc3 Nc6 6. Be3 e6 7. Bb5 Be7 8.
Nxc6 bxc6 9. Bxc6+ Bd7 10. Bxa8 Qxa8 11. f3 O-O 12. O-O Rb8 13. Rb1 Bc6 14. Qd3
d5 15. Qa6 dxe4 16. Qxa7 Qxa7 17. Bxa7 Ra8 18. Bd4 exf3 19. gxf3 Nd5 20. a3 f6
21. Nxd5 Bxd5 22. Ra1 e5 23. Be3 Kf7 24. Rad1 Ke6 25. Rc1 Rc8 26. Rf2 f5 27. h3
f4 28. Ba7 Rc7 29. c4 Bxc4 30. Rfc2 Kd5 31. Bf2 Rc6 32. Kh2 Bb5 33. Rxc6 Bxc6
34. b4 Ba4 35. Rc7 Bf6 36. b5 Bd8 37. Rd7+ Kc4 38. Rxd8 Bxb5 39. Rc8+ Kb3 40.
Rb8 Ka4 41. Bc5 Bc6 42. Rb4+ Ka5 43. Kg2 g5 44. Be7 h6 45. Bd8+ Ka6 46. Rb6+
Ka7 47. Rxc6 h5 48. Bxg5 h4 49. Bxh4 e4 50. fxe4 f3+ 51. Kxf3 Kb7 52. Rg6 Kc7
53. Kf4 Kd7 54. Ke5 Kc7 55. Bd8+ Kd7 56. Rg7+ Kc6 57. a4 Kc5 58. Ba5 Kc4 59.
Rg3 Kc5 60. Rc3# 1-0

[Event "ICS rated blitz match"]
[Site "204.178.125.65"]
[Date "2000.03.30"]
[Round "?"]
[White "Hossa"]
[Black "BigThunder"]
[Result "1-0"]
[WhiteElo "2418"]
[BlackElo "2089"]
[PlyCount "47"]

1. e4 c5 2. Nf3 Nc6 3. d4 cxd4 4. Nxd4 Nf6 5. Nc3 e6 6. Nxc6 bxc6 7. e5 Nd5 8.
Ne4 Qc7 9. f4 Qb6 10. Bd3 f5 11. exf6 Nxf6 12. Nxf6+ gxf6 13. Qh5+ Kd8 14. Qf7
Be7 15. Bxh7 Ba6 16. a4 f5 17. Qg7 Rf8 18. Bd2 Rb8 19. Kd1 Qc5 20. Bc3 Qd5+ 21.
Kc1 Bd6 22. Be5 Kc7 23. Rd1 Bxe5 24. fxe5 1-0

[Event "ICS Rated blitz match"]
[Site "204.178.125.65"]
[Date "2000.03.30"]
[Round "?"]
[White "BvdDonk"]
[Black "Hossa"]
[Result "0-1"]
[WhiteElo "2138"]
[BlackElo "2426"]
[PlyCount "86"]

1. e4 e5 2. Nf3 Nc6 3. d3 Nf6 4. c3 Be7 5. Nbd2 d5 6. h3 O-O 7. Qc2 Be6 8. Be2
dxe4 9. dxe4 a6 10. Nf1 b6 11. g4 Ra7 12. Ng3 Bc5 13. Nf5 Bxf5 14. gxf5 Qe7 15.
Rg1 Rd8 16. Bh6 Ne8 17. f6 Qxf6 18. Bg5 Qe6 19. Bxd8 Nxd8 20. O-O-O Nc6 21. Kb1
Bxf2 22. Rg2 Bc5 23. Ng5 Qe7 24. Rf1 Nd6 25. Bh5 g6 26. Be2 Be3 27. h4 Bxg5 28.
hxg5 Nd8 29. Rh1 Ne6 30. Rhg1 Qd8 31. Bd3 c5 32. Rg4 c4 33. Bf1 Rc7 34. Rh1
Nxg5 35. Rh6 Ndxe4 36. Bg2 Qd2 37. Bxe4 Nxe4 38. Qxd2 Nxd2+ 39. Kc2 f5 40. Rgh4
Rd7 41. Rh2 Nf3 42. Rf2 Ne1+ 43. Kc1 Nd3+ 0-1

[Event "ICS rated blitz match"]
[Site "204.178.125.65"]
[Date "2000.03.30"]
[Round "?"]
[White "Hossa"]
[Black "BigThunder"]
[Result "1-0"]
[WhiteElo "2431"]
[BlackElo "2081"]
[PlyCount "61"]

1. e4 c5 2. Nf3 Nc6 3. d4 cxd4 4. Nxd4 Nf6 5. Nc3 e5 6. Ndb5 d6 7. Bg5 a6 8.
Na3 b5 9. Bxf6 gxf6 10. Nd5 Bg7 11. Bd3 Ne7 12. Nxe7 Qxe7 13. c3 f5 14. O-O O-O
15. Nc2 f4 16. a4 bxa4 17. Rxa4 f5 18. exf5 d5 19. Nb4 Bb7 20. Bxa6 Rad8 21.
Ra5 d4 22. Qb3+ Kh8 23. Bxb7 Qxb7 24. Qe6 Rfe8 25. Qc6 Qf7 26. Qe4 Rf8 27. Nc6
Rde8 28. cxd4 exd4 29. Qxf4 d3 30. Qd6 Qc4 31. Qd5 1-0

[Event "ICS rated blitz match"]
[Site "204.178.125.65"]
[Date "2000.03.30"]
[Round "?"]
[White "BigThunder"]
[Black "Hossa"]
[Result "1-0"]
[WhiteElo "2077"]
[BlackElo "2435"]
[PlyCount "47"]

1. e4 c5 2. Nf3 d6 3. d4 cxd4 4. Nxd4 Nf6 5. Nc3 a6 6. Bg5 e6 7. f4 Be7 8. Qf3
Qc7 9. O-O-O Nbd7 10. Rd2 O-O 11. h4 b5 12. e5 Bb7 13. exf6 Bxf3 14. fxe7 Rfe8
15. gxf3 b4 16. Ne4 d5 17. Ng3 h6 18. Bd3 Nc5 19. Kb1 Rac8 20. Rg2 hxg5 21.
hxg5 Rxe7 22. Rgh2 f5 23. g6 Nxd3 24. Rh8# 1-0

[Event "ICS rated blitz match"]
[Site "204.178.125.65"]
[Date "2000.03.30"]
[Round "?"]
[White "Hossa"]
[Black "QueenMaxima"]
[Result "1-0"]
[WhiteElo "2407"]
[BlackElo "2439"]
[PlyCount "131"]

1. e4 e5 2. Nf3 Nc6 3. Nc3 Nf6 4. Nxe5 Nxe5 5. d4 Ng6 6. e5 Ng8 7. Bc4 Bb4 8.
Qf3 Bxc3+ 9. bxc3 Qe7 10. O-O f6 11. exf6 Nxf6 12. Bg5 Qf8 13. Rfe1+ Kd8 14.
Bd3 a5 15. Rab1 Ra7 16. Qe3 d5 17. c4 dxc4 18. Bxc4 h6 19. Bxf6+ Qxf6 20. Bb5
Qf7 21. Bd3 Nf4 22. Bc4 Qf6 23. Bb5 Bd7 24. Bxd7 Kxd7 25. g3 Nd5 26. Qb3 Nb6
27. Re5 a4 28. Qd3 Rf8 29. f4 Kc8 30. Rbe1 Rd8 31. c3 Qf7 32. a3 Qc4 33. Qf5+
Nd7 34. Rd5 c6 35. Rc5 Qa2 36. Qg4 Qxa3 37. Qe6 Qb3 38. Rc4 Ra8 39. Kh1 Kc7 40.
d5 c5 41. d6+ Kc6 42. Qe4+ Kxd6 43. Rb1 Qa2 44. Rxb7 g5 45. Rxd7+ Kxd7 46. Qd5+
Ke7 47. Re4+ Kf8 48. Qxa2 Rd3 49. Qf2 Rd1+ 50. Kg2 g4 51. Qxc5+ Kg8 52. Rd4 Rd8
53. Qc4+ Kf8 54. Rxd8+ Rxd8 55. Qxa4 Rd2+ 56. Kg1 Ke7 57. c4 Kf7 58. c5 Rd8 59.
c6 Ke7 60. Qb4+ Ke6 61. f5+ Kf7 62. Qc4+ Kf8 63. c7 Ra8 64. c8=Q+ Kg7 65. Q4g8+
Kf6 66. Qce6# 1-0

[Event "ICS rated blitz match"]
[Site "204.178.125.65"]
[Date "2000.03.30"]
[Round "?"]
[White "Bannon"]
[Black "Hossa"]
[Result "0-1"]
[WhiteElo "2052"]
[BlackElo "2424"]
[PlyCount "60"]

1. e4 e5 2. Nf3 Nc6 3. Nc3 Nf6 4. Bb5 Nd4 5. Bc4 Bc5 6. Nxe5 Qe7 7. Bxf7+ Kf8
8. f4 d6 9. Nd5 Nxd5 10. Bxd5 dxe5 11. fxe5 Bg4 12. Qxg4 Nxc2+ 13. Kd1 Nxa1 14.
Rf1+ Ke8 15. Rf7 Qxf7 16. Bxf7+ Kxf7 17. Qd7+ Be7 18. d4 Rhd8 19. Qf5+ Kg8 20.
Qe6+ Kf8 21. d5 Bb4 22. Bd2 Bxd2 23. Kxd2 Re8 24. Qg4 Kg8 25. Qd1 Rxe5 26. Qxa1
Rxe4 27. Qc1 c6 28. dxc6 Rd8+ 29. Kc3 Re6 30. c7 Rc6+ 0-1

[Event "ICS rated blitz match"]
[Site "204.178.125.65"]
[Date "2000.03.30"]
[Round "?"]
[White "Hossa"]
[Black "Bannon"]
[Result "1-0"]
[WhiteElo "2427"]
[BlackElo "2049"]
[PlyCount "35"]

1. e4 c6 2. d4 d5 3. exd5 cxd5 4. c4 Nf6 5. Nc3 e6 6. Nf3 Nc6 7. Bd3 Bd6 8. c5
Bb8 9. Bg5 h6 10. Bxf6 Qxf6 11. Bb5 O-O 12. O-O Ne7 13. Re1 Ng6 14. Bd3 Nf4 15.
Qc2 e5 16. Nxe5 Qg5 17. Bh7+ Kh8 18. Nxf7+ 1-0

[Event "ICS rated blitz match"]
[Site "204.178.125.65"]
[Date "2000.03.30"]
[Round "?"]
[White "Hossa"]
[Black "KyFats"]
[Result "0-1"]
[WhiteElo "2430"]
[BlackElo "2648"]
[PlyCount "120"]

1. e4 e5 2. Nf3 Nc6 3. Nc3 Nf6 4. Nxe5 Nxe5 5. d4 Ng6 6. e5 Ng8 7. Bc4 Bb4 8.
Qf3 Qe7 9. O-O Bxc3 10. bxc3 Rb8 11. Re1 a6 12. a4 b6 13. Ba3 Bb7 14. Qh5 Qh4
15. Qxh4 Nxh4 16. d5 Rc8 17. e6 fxe6 18. dxe6 d6 19. f3 Ne7 20. Re2 O-O 21. Bd3
Nhg6 22. Bc1 Nf4 23. Bxf4 Rxf4 24. Kf2 Re8 25. c4 Rf6 26. c3 Bc8 27. c5 bxc5
28. Rd1 Ng6 29. g3 Nf8 30. Be4 Nxe6 31. Bc6 Re7 32. Rde1 a5 33. Re4 Kf7 34. h3
Bd7 35. Bb7 h6 36. Kg2 Rf5 37. f4 c4 38. Kf2 g5 39. Rxc4 d5 40. Rxe6 Kxe6 41.
Rc5 d4 42. Rxc7 Kd6 43. Rc4 dxc3 44. Be4 Rc5 45. Rd4+ Kc7 46. Bc2 Bxh3 47. Kf3
Rf7 48. Kf2 gxf4 49. Rxf4 Rxf4+ 50. gxf4 Bf5 51. Bd1 c2 52. Bxc2 Rxc2+ 53. Ke3
h5 54. Kd4 Kd6 55. Ke3 Kd5 56. Kf3 h4 57. Ke3 h3 58. Kf3 h2 59. Ke3 h1=R 60.
Kf3 Rh3# 0-1

[Event "ICS rated blitz match"]
[Site "204.178.125.65"]
[Date "2000.03.30"]
[Round "?"]
[White "Hossa"]
[Black "Bannon"]
[Result "1-0"]
[WhiteElo "2429"]
[BlackElo "2036"]
[PlyCount "50"]

1. e4 d6 2. d4 Nf6 3. Nc3 g6 4. f4 Bg7 5. Nf3 O-O 6. Bd3 Bg4 7. h3 Bxf3 8. Qxf3
e5 9. fxe5 dxe5 10. d5 c6 11. O-O Nxe4 12. Qxe4 f5 13. Qb4 Qb6+ 14. Qxb6 axb6
15. Bc4 b5 16. Bb3 Kh8 17. Be3 Nd7 18. Rad1 Rfd8 19. dxc6 bxc6 20. Be6 Nf6 21.
Rxd8+ Rxd8 22. Rd1 Rxd1+ 23. Nxd1 Nd5 24. Bd7 e4 25. Bc5 Bxb2 1-0

[Event "ICS rated blitz match"]
[Site "204.178.125.65"]
[Date "2000.03.30"]
[Round "?"]
[White "QueenMaxima"]
[Black "Hossa"]
[Result "1-0"]
[WhiteElo "2437"]
[BlackElo "2418"]
[PlyCount "199"]

1. e4 e5 2. Nf3 Nc6 3. Bb5 a6 4. Ba4 Nf6 5. O-O Be7 6. Re1 b5 7. Bb3 d6 8. c3
O-O 9. h3 Bb7 10. d4 Re8 11. Nbd2 Bf8 12. Bc2 g6 13. d5 Ne7 14. Nb3 c6 15. dxc6
Bxc6 16. Bg5 Bg7 17. Qd2 Qc7 18. Bh6 a5 19. Bxg7 Kxg7 20. Qg5 a4 21. Nbd2 a3
22. b4 Bd7 23. Re3 Nh5 24. Bb3 Rac8 25. Rae1 Nf4 26. Qg3 Be6 27. Bxe6 Nxe6 28.
Rc1 Nc6 29. c4 Nxb4 30. Rxa3 Nf4 31. Kf1 Nbd3 32. Rc2 b4 33. Rb3 Qb6 34. a3 Ra8
35. Ne1 Nxe1 36. Kxe1 Rxa3 37. Rxa3 bxa3 38. Qxa3 Nxg2+ 39. Kf1 Nf4 40. Ra2 Rb8
41. Kg1 Qd8 42. Qf3 Qh4 43. Kh2 Qg5 44. Qg3 Qe7 45. Nf1 Kg8 46. Ne3 Qb7 47. Nd5
Qb1 48. Qa3 Nxd5 49. exd5 Rb3 50. Qa4 Rf3 51. Kg2 Qf5 52. Qa8+ Kg7 53. Qa4
Qxh3+ 54. Kg1 Rf4 55. Ra3 Rg4+ 56. Rg3 Rxg3+ 57. fxg3 Qxg3+ 58. Kf1 Qf3+ 59.
Kg1 Qe3+ 60. Kg2 Qd2+ 61. Kf3 Qf4+ 62. Ke2 Qe4+ 63. Kf2 Qh4+ 64. Kg2 Qg4+ 65.
Kf2 Qf5+ 66. Ke2 Qh5+ 67. Kd2 Qg5+ 68. Kd1 Qg1+ 69. Kc2 Qf2+ 70. Kb3 Qe3+ 71.
Kb4 h6 72. Qc6 Qe1+ 73. Kb5 Qb1+ 74. Ka5 Qb8 75. c5 dxc5 76. Qxc5 Qd8+ 77. Kb5
f5 78. d6 Qe8+ 79. Qc6 Qxc6+ 80. Kxc6 Kf6 81. d7 Ke7 82. Kc7 Ke6 83. d8=Q f4
84. Qd7+ Kf6 85. Kd6 h5 86. Qe6+ Kg5 87. Kxe5 h4 88. Qd5 f3 89. Qe4 f2 90. Qf4+
Kh5 91. Kf6 f1=Q 92. Qxf1 Kg4 93. Ke5 Kg3 94. Ke4 Kg4 95. Qf3+ Kg5 96. Ke5 Kh6
97. Qf8+ Kh5 98. Kf4 g5+ 99. Kf5 g4 100. Qh8# 1-0

[Event "ICS rated blitz match"]
[Site "204.178.125.65"]
[Date "2000.03.30"]
[Round "?"]
[White "Hossa"]
[Black "Jhonny1"]
[Result "1-0"]
[WhiteElo "2403"]
[BlackElo "2200"]
[PlyCount "75"]

1. c4 c5 2. Nc3 Nc6 3. Nf3 Nf6 4. d3 g6 5. Bf4 d6 6. e3 Bg7 7. d4 cxd4 8. exd4
d5 9. Nb5 Qa5+ 10. Qd2 Qxd2+ 11. Bxd2 O-O 12. Nc7 Rb8 13. cxd5 Nd8 14. Bb4 Bg4
15. Bxe7 Ne4 16. Ne5 Bf5 17. f3 Nf6 18. g4 Bc8 19. O-O-O Ne8 20. Bxd8 Nxc7 21.
Bxc7 Ra8 22. Kb1 Re8 23. Bb5 Rf8 24. Nd7 Bxd7 25. Bxd7 a5 26. h4 a4 27. h5 a3
28. h6 Bh8 29. bxa3 Rxa3 30. Bd6 Rxf3 31. Bxf8 Kxf8 32. Rhe1 f5 33. Re8+ Kf7
34. Rxh8 fxg4 35. Bxg4 Rg3 36. Rf1+ Ke7 37. Rxh7+ Kd6 38. Rd7# 1-0

[Event "ICS rated blitz match"]
[Site "204.178.125.65"]
[Date "2000.03.30"]
[Round "?"]
[White "Hossa"]
[Black "Tejas"]
[Result "1-0"]
[WhiteElo "2403"]
[BlackElo "2286"]
[PlyCount "43"]

1. e4 c5 2. Nf3 d6 3. d4 cxd4 4. Nxd4 Nf6 5. Nc3 Nc6 6. Be3 Ng4 7. Bb5 Nxe3 8.
fxe3 Bd7 9. O-O e6 10. Qd2 Be7 11. Rad1 O-O 12. Qf2 a6 13. Ba4 b5 14. Bb3 Qc7
15. a3 Ne5 16. Rd2 Rab8 17. Rdd1 Nc4 18. Bxc4 Qxc4 19. g3 b4 20. axb4 Rxb4 21.
Nb3 Bc6 22. Rd4 1-0

[Event "ICS rated blitz match"]
[Site "204.178.125.65"]
[Date "2000.03.30"]
[Round "?"]
[White "Tejas"]
[Black "Hossa"]
[Result "1-0"]
[WhiteElo "2253"]
[BlackElo "2407"]
[PlyCount "103"]

1. e4 e5 2. Nf3 Nc6 3. Bb5 a6 4. Ba4 Nf6 5. O-O Be7 6. Re1 b5 7. Bb3 O-O 8. h3
d5 9. exd5 Nxd5 10. d3 Bf6 11. Nbd2 Be6 12. Ne4 Be7 13. Ng3 Bb4 14. c3 Bd6 15.
a4 Qd7 16. Bc2 Rfd8 17. Ng5 f6 18. Nxe6 Qxe6 19. d4 Na7 20. Bf5 Qf7 21. Ne4 Ne7
22. Nxd6 cxd6 23. Bc2 Nd5 24. Bb3 bxa4 25. Rxa4 Nb5 26. Qf3 Nbc7 27. Ra5 exd4
28. Rxd5 dxc3 29. bxc3 Rab8 30. Ba2 Re8 31. Rxe8+ Rxe8 32. Be3 Re5 33. Rxe5
Qxa2 34. Re7 Ne6 35. Qa8+ Nf8 36. Re8 g5 37. Rxf8+ Kg7 38. Qe8 Qe6 39. Qxe6
Kxf8 40. Qxf6+ Ke8 41. Bxg5 Kd7 42. Qd8+ Kc6 43. Be7 Kb5 44. Qxd6 a5 45. Qc5+
Ka6 46. c4 Kb7 47. Bd6 a4 48. Qc7+ Ka6 49. Qc6+ Ka7 50. c5 h5 51. Qb6+ Ka8 52.
Qb8# 1-0

[Event "ICS rated blitz match"]
[Site "204.178.125.65"]
[Date "2000.03.30"]
[Round "?"]
[White "Hossa"]
[Black "KyFats"]
[Result "0-1"]
[WhiteElo "2398"]
[BlackElo "2648"]
[PlyCount "132"]

1. e4 c5 2. Nf3 e6 3. d4 cxd4 4. Nxd4 Nf6 5. Nc3 d6 6. Be2 Be7 7. O-O O-O 8. f4
Nc6 9. Be3 Bd7 10. Nb3 a6 11. a4 b6 12. Bf3 Rb8 13. Qe2 Qc8 14. Rad1 Rd8 15.
Bf2 Nb4 16. e5 Nfd5 17. Bxd5 exd5 18. Rxd5 Be6 19. Rd4 dxe5 20. Rxd8+ Bxd8 21.
Qxe5 Nxc2 22. Qe4 Qc4 23. Qxc2 Qxb3 24. Qd2 Bc7 25. Rd1 Qc4 26. Be3 Re8 27. Rc1
Bb8 28. Qf2 Bg4 29. g3 b5 30. axb5 axb5 31. Ba7 Bxa7 32. Qxa7 b4 33. Na2 Qb3
34. Rf1 Bh3 35. Rc1 Qd5 36. Qf2 Qxa2 37. Qd4 Qa8 38. Qd2 Bg4 39. Qd6 Re2 40.
Qc6 Qxc6 41. Rxc6 Rxb2 42. Rb6 g6 43. Rb8+ Kg7 44. Kf1 b3 45. Rb7 Be2+ 46. Ke1
Ba6 47. Rb6 Re2+ 48. Kd1 b2 49. h4 Rg2 50. f5 gxf5 51. h5 h6 52. Rb8 Bd3 53.
Ke1 b1=Q+ 54. Rxb1 Bxb1 55. Kd1 Bd3 56. Ke1 Kf6 57. Kd1 Be2+ 58. Kd2 Bxh5+ 59.
Ke3 Rxg3+ 60. Kd4 f4 61. Ke4 f3 62. Kd4 f2 63. Kc5 f1=Q 64. Kb6 Qc1 65. Ka6 Rb3
66. Ka7 Qa1# 0-1

[Event "ICS rated blitz match"]
[Site "204.178.125.65"]
[Date "2000.03.30"]
[Round "?"]
[White "BvdDonk"]
[Black "Hossa"]
[Result "1/2-1/2"]
[WhiteElo "2110"]
[BlackElo "2392"]
[PlyCount "76"]

1. e4 e5 2. Nf3 Nc6 3. d3 Nf6 4. Nbd2 d5 5. c3 Be7 6. h3 O-O 7. Qc2 Be6 8. Be2
dxe4 9. dxe4 a6 10. Nf1 b6 11. g4 Ra7 12. Ng3 Bc5 13. Nf5 Bxf5 14. gxf5 Be7 15.
Rg1 Kh8 16. Nh2 Qd7 17. Ng4 Rd8 18. Be3 Raa8 19. f3 Nxg4 20. hxg4 Bh4+ 21. Kf1
Qe7 22. Kg2 Bg5 23. Qc1 Bxe3 24. Qxe3 Kg8 25. Rh1 h6 26. Rh5 Qd6 27. Rd1 Qf8
28. g5 Rxd1 29. Bxd1 hxg5 30. Qxg5 Qd8 31. Qc1 Qd3 32. Bb3 Na5 33. Qh1 Qd2+ 34.
Kg3 Qf4+ 35. Kg2 Qd2+ 36. Kg3 Qf4+ 37. Kg2 Qd2+ 38. Kg3 Qf4+ 1/2-1/2

[Event "ICS rated standard match"]
[Site "204.178.125.65"]
[Date "2000.03.30"]
[Round "?"]
[White "Hossa"]
[Black "KyFats"]
[Result "0-1"]
[WhiteElo "2360"]
[BlackElo "2366"]
[PlyCount "126"]

1. e4 c5 2. Nf3 e6 3. d4 cxd4 4. Nxd4 a6 5. Nc3 Qc7 6. Be2 Nf6 7. O-O Nc6 8.
Nxc6 bxc6 9. Bd2 Bd6 10. g3 Be5 11. Bf3 O-O 12. Bg2 d5 13. Re1 dxe4 14. Bxe4
Nxe4 15. Rxe4 Bf6 16. Qh5 Rd8 17. Rd1 Qb6 18. Bc1 Bb7 19. Rde1 Bxc3 20. bxc3
Rd5 21. Qe2 c5 22. Rg4 Rf5 23. Bh6 g6 24. Qd2 Rd8 25. Qc1 Qc6 26. Rge4 Qd7 27.
g4 Bxe4 28. gxf5 exf5 29. Bg5 Rc8 30. Bf6 Qd6 31. Qg5 Rc6 32. f3 Qxf6 33. Qxf6
Rxf6 34. fxe4 Re6 35. e5 f6 36. Rd1 fxe5 37. Rd5 e4 38. Rxc5 f4 39. Kf1 f3 40.
Rc8+ Kf7 41. Rc7+ Kf6 42. Rc8 Kf5 43. Rc5+ Kg4 44. Rc4 Kh3 45. Rd4 e3 46. Rf4
e2+ 47. Ke1 Kg2 48. c4 Re8 49. c5 a5 50. c6 g5 51. Rf5 g4 52. c7 Kxh2 53. Rf4
Kg3 54. Rf5 Kg2 55. c8=Q Rxc8 56. c4 g3 57. Re5 f2+ 58. Kxe2 f1=Q+ 59. Ke3 Rxc4
60. Re6 Qf2+ 61. Kd3 Qd4+ 62. Ke2 Rc2+ 63. Ke1 Qa1# 0-1

[Event "ICS rated blitz match"]
[Site "204.178.125.65"]
[Date "2000.03.30"]
[Round "?"]
[White "Hossa"]
[Black "QueenMaxima"]
[Result "0-1"]
[WhiteElo "2381"]
[BlackElo "2397"]
[PlyCount "138"]

1. e4 c5 2. Nf3 d6 3. d4 cxd4 4. Nxd4 Nf6 5. Nc3 a6 6. Bg5 e6 7. f4 Qc7 8. Qf3
Be7 9. Bd3 h6 10. Bh4 Qb6 11. Nb3 Nxe4 12. Bxe7 Nxc3 13. Bh4 Nd5 14. O-O-O Qe3+
15. Qxe3 Nxe3 16. Rd2 Nd7 17. Re1 Nd5 18. f5 Ne5 19. Be4 Nb4 20. Rxd6 O-O 21.
fxe6 fxe6 22. Nc5 g5 23. Bg3 Nf7 24. Rb6 a5 25. Nxe6 Bxe6 26. Rxe6 Rac8 27.
Rg6+ Kh8 28. Bd6 Rfe8 29. Bxb4 axb4 30. Rb6 Rc4 31. Rf6 Rexe4 32. Rxe4 Rxe4 33.
Rxf7 Re1+ 34. Kd2 Rg1 35. Rxb7 Rxg2+ 36. Kd3 Rxh2 37. Rb8+ Kh7 38. Rxb4 Rh3+
39. Kd2 Rh2+ 40. Kc3 Rh3+ 41. Kd2 Rh2+ 42. Ke3 Rxc2 43. Ke4 g4 44. Kd3 Rg2 45.
Rb5 Kg6 46. Rb6+ Kg5 47. Rb5+ Kh4 48. a4 h5 49. a5 Rg1 50. Re5 g3 51. Re2 Rd1+
52. Kc4 Kh3 53. Re3 Kg4 54. a6 g2 55. a7 Rd8 56. Re1 h4 57. Kb5 Kg3 58. Ka6 Kf2
59. Rb1 g1=R 60. Rxg1 Kxg1 61. Kb7 h3 62. b4 h2 63. Ka6 Rd6+ 64. Ka5 h1=Q 65.
Ka4 Qf3 66. b5 Qc3 67. b6 Rd4+ 68. Kb5 Qc4+ 69. Ka5 Rd5# 0-1

[Event "ICS rated blitz match"]
[Site "204.178.125.65"]
[Date "2000.03.30"]
[Round "?"]
[White "capivara"]
[Black "Hossa"]
[Result "0-1"]
[WhiteElo "2047"]
[BlackElo "2366"]
[PlyCount "118"]

1. e4 e5 2. Nf3 Nc6 3. Bb5 a6 4. Ba4 Nf6 5. O-O Be7 6. Re1 b5 7. Bb3 d6 8. c3
O-O 9. h3 Bb7 10. d4 Re8 11. Ng5 Rf8 12. Nf3 Re8 13. Ng5 Rf8 14. Nf3 a5 15. d5
Na7 16. Nbd2 a4 17. Bc2 c6 18. dxc6 Nxc6 19. a3 Qb6 20. Nf1 Qc7 21. Ng3 Bc8 22.
Bd3 Rb8 23. Qe2 Qb7 24. Nh4 Rd8 25. Nhf5 Bxf5 26. Nxf5 d5 27. exd5 Rxd5 28. Bg5
Qc7 29. Nxe7+ Nxe7 30. Be4 Nxe4 31. Qxe4 f6 32. Bh4 Rd2 33. Re2 Rxe2 34. Qxe2
Qc4 35. Qxc4+ bxc4 36. Ra2 Nf5 37. Bg3 Nxg3 38. fxg3 f5 39. Kf2 Rd8 40. Ke2 e4
41. Ra1 Rd3 42. Rf1 Rxg3 43. Rxf5 Rxg2+ 44. Ke3 Rxb2 45. Kxe4 Rh2 46. Kd4 Rxh3
47. Kxc4 Rh2 48. Ra5 Rh4+ 49. Kb5 Rh3 50. Kb4 Kf7 51. c4 Kf6 52. Rxa4 g5 53. c5
h5 54. Ra6+ Kf5 55. Rd6 Rh2 56. Rd4 Rb2+ 57. Ka4 Rb8 58. c6 Ke5 59. c7 Ra8+ 0-1

[Event "ICS Rated blitz match"]
[Site "204.178.125.65"]
[Date "2000.03.30"]
[Round "?"]
[White "Hossa"]
[Black "Grantaba"]
[Result "1-0"]
[WhiteElo "2370"]
[BlackElo "2022"]
[PlyCount "81"]

1. d4 c5 2. d5 d6 3. e4 Nf6 4. Nc3 g6 5. Nf3 Bg7 6. Bb5+ Bd7 7. Be2 a6 8. O-O
b5 9. a3 O-O 10. e5 Ng4 11. exd6 exd6 12. Ne4 Bf5 13. Ng3 Bd7 14. Bf4 Ne5 15.
Nxe5 dxe5 16. Be3 c4 17. Bc5 Re8 18. Ne4 f5 19. Nd6 e4 20. Nxe8 Qxe8 21. Bd4
Be5 22. b3 cxb3 23. cxb3 Qe7 24. Bxe5 Qxe5 25. Qd2 Be8 26. Rfd1 Nd7 27. Rac1
Nf6 28. d6 Rd8 29. Rc7 f4 30. Qc3 Qg5 31. Rc5 Qh4 32. g3 fxg3 33. hxg3 Qh3 34.
Qxf6 e3 35. Qxd8 exf2+ 36. Kxf2 Qh2+ 37. Kf3 Qh5+ 38. Rxh5 gxh5 39. d7 Kg7 40.
dxe8=Q h4 41. Qg5# 1-0

[Event "ICS rated standard match"]
[Site "204.178.125.65"]
[Date "2000.03.30"]
[Round "?"]
[White "LaTrevi"]
[Black "Hossa"]
[Result "1-0"]
[WhiteElo "2669"]
[BlackElo "2344"]
[PlyCount "103"]

1. e4 e5 2. Nf3 Nc6 3. Bb5 a6 4. Ba4 Nf6 5. O-O Be7 6. Re1 b5 7. Bb3 d6 8. c3
O-O 9. h3 Bb7 10. d4 Re8 11. Nbd2 Bf8 12. a4 h6 13. d5 Ne7 14. c4 bxc4 15. Nxc4
c6 16. dxc6 Nxc6 17. a5 Nd4 18. Nxd4 exd4 19. Nb6 Rxe4 20. Rxe4 Nxe4 21. Nxa8
Qxa8 22. f3 Nc5 23. Ba2 Qe8 24. Qxd4 Qe1+ 25. Kh2 Qe2 26. Bc4 Qe7 27. b4 Ne6
28. Bxe6 Qxe6 29. Bd2 d5 30. Re1 Qd6+ 31. Bf4 Qd7 32. Qb6 Bc6 33. Qxa6 Bxb4 34.
Rc1 Bb5 35. Qc8+ Kh7 36. Qxd7 Bxd7 37. a6 g5 38. Be5 Bd2 39. Rc7 Bc6 40. Rxc6
Be3 41. Bd6 Ba7 42. Rc8 d4 43. Bb8 Bb6 44. Rc6 d3 45. Rxb6 g4 46. a7 gxf3 47.
a8=Q fxg2 48. Qe4+ Kg7 49. Qxg2+ Kh7 50. Be5 f6 51. Bxf6 d2 52. Qg7# 1-0